000 00435nam a2200181Ia 4500
003 0100
008 130303s9999 xx 000 0 und d
040 _cARRUPELIB
050 _aBS2545.D58C65 1992
100 _aCollins, Raymond F.
245 _aDivorce in the New Testament
260 _aCollegeville, Minnesota
260 _bThe Liturgical press
260 _C1992
300 _a389p.
300 _b 22cm
942 _2lcc
_01
999 _c60960
_d60960